000 01217nam a2200289 a 4500
001 000002704
005 20240409180111.0
008 090703s2005 dr 000 0 spa d
020 _a9993481343
040 _aDO-SdBNP
_bspa
_cBNPHU
082 _a972.9304
_bG643u
100 1 _aGonzález Calleja, Eduardo,
_d1962-
_98535
245 1 0 _aUna cuestión de honor :
_bla polémica sobre la anexión de Santo Domingo vista desde España (1861-1865) /
_cEduardo González Calleja, Antonio Fontecha Pedraza ; presentación Manuel García Arévalo.
260 _aSanto Domingo :
_bFundación García Arévalo,
_c2005.
300 _a279 p. :
_bil., retrs. ;
_c23 cm.
490 1 _aDocumental
_v5
500 _aIncluye índice onomástico
504 _aIncluye referencias bibliográficas y notas al pie de las páginas
504 _aBibliografía : p. 247-253
651 4 _aRepública Dominicana
_xHistoria
_yANEXIÓN A ESPAÑA, 1861-1865
_9139
651 0 _aREPÚBLICA DOMINICANA
_xHISTORIA
_yRESTAURACIÓN 1863-1865
_9896
700 1 _aFontecha Pedraza, Antonio,
_d1961-
_98536
700 1 _aGarcía Arávelo, Manuel
_98537
830 0 _aDocumental
_n5
_98538
910 _aValidado. Control de calidad MFF
049 _aBNPHD
999 _c2540
_d2540